000 01230nam a2200229Ia 4500
001 L240-12876
003 IT-CnALBA
008 170116s9999||||xx |||||||||||||| ||und||
040 _aIT-CnALBA
_cIT-CnALBA
041 _aITALIANO
100 _aOLIER J. J., VENERABILE
245 0 _aTRATTATO DEI SANTI ORDINI.
250 _a1a ed.
260 _a TORINO.
_bROMANO LORENZO. EDITORE ECCL.
_c1885 [1° Ed.:1885 - Ed.Ling.Originale: 1885]
300 _a477 p. (prefazione: 5)
500 _aTRADUZIONE DAL FRANCESE DI G. GENUARDI. BIBLIOTECA CAN. CHIESA. DISPOSIZIONI PER IL CHIERICATO. AMORE PER LE REALTÀ DIVINE. UOMO NUOVO. DOVERI DELLA RELIGIONE. ONNOCENZA E PERFEZIONE DEL CHIERICATO. FUNZIONI. TONSURA. SEGNI DI VOCAZIONE. ORDINI MINORI E M
501 _aSocietà San Paolo EM - Piazza San Paolo, 14 - 12051 ALBA (CN) (non commercial uses only) ® Copyright 2017
520 _aTRADUZIONE DAL FRANCESE DI G. GENUARDI. BIBLIOTECA CAN. CHIESA. DISPOSIZIONI PER IL CHIERICATO. AMORE PER LE REALTÀ DIVINE. UOMO NUOVO. DOVERI DELLA RELIGIONE. ONNOCENZA E PERFEZIONE DEL CHIERICATO. FUNZIONI. TONSURA. SEGNI DI VOCAZIONE. ORDINI MINORI E M
650 _aTEOLOGIA SPIRITUALE CRISTIANA
942 _cBK
957 _71
999 _a17629
_bSI
_g Copie: 1
_c272052
_d272052